Delivering sustainable communities (Record no. 74839)
[ view plain ]
| 000 -LEADER | |
|---|---|
| fixed length control field | 01700cab a2200337 4500 |
| 001 - CONTROL NUMBER | |
| control field | ABS68721 |
| 008 - FIXED-LENGTH DATA ELEMENTS--GENERAL INFORMATION | |
| fixed length control field | 050225n2005 000 0 eng u |
| 035 ## - SYSTEM CONTROL NUMBER | |
| System control number | (Sirsi) u128887 |
| 100 ## - MAIN ENTRY--PERSONAL NAME | |
| Personal name | Hall, P. |
| 245 ## - TITLE STATEMENT | |
| Title | Delivering sustainable communities |
| 260 ## - PUBLICATION, DISTRIBUTION, ETC. | |
| Date of publication, distribution, etc. | 2005 |
| 490 ## - SERIES STATEMENT | |
| Series statement | Town & Country Planning |
| Volume/sequential designation | 74(1) January 2005, 14-24(11) |
| 520 ## - SUMMARY, ETC. | |
| Summary, etc. | Special section comprising ninearticles on aspects of delivering sustainable communities. Articles cover developing sustainable communities on brownfield and greenfield sites, the unanswerable case for large-scale building of new homes, the essential role of leadership and joined-up agendas in securing adequate finance for the infrastructure needed in growth areas and the crucial need for a national spatial strategy to tackle growing regional economic disparities. Further articles examine the fragmented nature of a development planning scene without a national strategy, the value of new urbanism, the danger of inadequate process management in the delivery of sustainable communities, the promotion of wildlife habitats in urban regeneration and whether the sustainable communities agenda will fully address the housing crisis for the disabled. |
| 590 ## - LOCAL NOTE (RLIN) | |
| Local note | ABS |
| 650 ## - SUBJECT ADDED ENTRY--TOPICAL TERM | |
| Topical term or geographic name entry element | SUSTAINABLE COMMUNITIES |
| 650 ## - SUBJECT ADDED ENTRY--TOPICAL TERM | |
| Topical term or geographic name entry element | BROWNFIELD SITES |
| 650 ## - SUBJECT ADDED ENTRY--TOPICAL TERM | |
| Topical term or geographic name entry element | GREENFIELD SITES |
| 650 ## - SUBJECT ADDED ENTRY--TOPICAL TERM | |
| Topical term or geographic name entry element | NEW HOMES |
| 650 ## - SUBJECT ADDED ENTRY--TOPICAL TERM | |
| Topical term or geographic name entry element | SPATIAL PLANNING |
| 650 ## - SUBJECT ADDED ENTRY--TOPICAL TERM | |
| Topical term or geographic name entry element | URBAN REGENERATION |
| 690 ## - LOCAL SUBJECT ADDED ENTRY--TOPICAL TERM (OCLC, RLIN) | |
| Topical term or geographic name as entry element | DEVELOPMENT-SUSTAINABLE |
| 700 ## - ADDED ENTRY--PERSONAL NAME | |
| Personal name | Sampson, A. |
| 700 ## - ADDED ENTRY--PERSONAL NAME | |
| Personal name | Walker, J. |
| 700 ## - ADDED ENTRY--PERSONAL NAME | |
| Personal name | Robson, B. |
| 700 ## - ADDED ENTRY--PERSONAL NAME | |
| Personal name | Hetherington, P. |
| 700 ## - ADDED ENTRY--PERSONAL NAME | |
| Personal name | Thompson, P. |
| 700 ## - ADDED ENTRY--PERSONAL NAME | |
| Personal name | Bishop, J. |
| 700 ## - ADDED ENTRY--PERSONAL NAME | |
| Personal name | Massini, P. |
| 700 ## - ADDED ENTRY--PERSONAL NAME | |
| Personal name | Ellis, C. |
| 942 ## - ADDED ENTRY ELEMENTS (KOHA) | |
| Suppress in OPAC | 0 |
| Withdrawn status | Lost status | Source of classification or shelving scheme | Damaged status | Not for loan | Home library | Current library | Shelving location | Date acquired | Total Checkouts | Full call number | Barcode | Date last seen | Copy number | Price effective from | Koha item type |
|---|---|---|---|---|---|---|---|---|---|---|---|---|---|---|---|
| Dewey Decimal Classification | London | London | Journal article | 25/02/2005 | ABS68721 | 128887-1001 | 06/08/2019 | 1 | 06/08/2019 | Journal article |